[Event "Jugoslavia-Horr"]
[Site "Jugoslavia-Horr"]
[Date "1975.??.??"]
[Round "?"]
[White "Velimirovic, Dragoljub"]
[Black "Kholmov, Ratmir D"]
[Result "1-0"]
[WhiteElo "2525"]
[BlackElo "2540"]
[PlyCount "23"]
[EventDate "1975.??.??"]
[Source "www.chesslib.no"]
[SourceDate "2004.05.04"]

1. e4 e6 2. d4 d5 3. e5 c5 4. dxc5 Nc6 5. Bf4 Bxc5 6. Bd3 Nge7 7. Nf3 Ng6 8. Bg3 O-O 9. O-O f5 10. c4 Bd4 11. Qb3 Rf7 12. h4 1-0

[Event "Narciso Yepes, Lorca ESP"]
[Site "?"]
[Date "2001.??.??"]
[Round "8"]
[White "Dolezal, C."]
[Black "Seferjan, N."]
[Result "1-0"]
[WhiteElo "2390"]
[BlackElo "2525"]
[PlyCount "75"]
[EventDate "2001.??.??"]
[Source "www.chesslib.no"]
[SourceDate "2004.05.04"]

1. e4 e6 2. d4 d5 3. e5 c5 4. dxc5 Nc6 5. Nf3 Bxc5 6. Bd3 Qc7 7. Qe2 Nge7 8. Bf4 Ng6 9. Bg3 Nd4 10. Nxd4 Bxd4 11. c3 Bb6 12. h4 h5 13. Nd2 Ne7 14. O-O Qd8 15. Rad1 Bd7 16. c4 Bc6 17. b4 a6 18. cxd5 Nxd5 19. Ne4 Bc7 20. Bc4 Qd7 21. Rd2 Bb5 22. Rc1 Rc8 23. Rxd5 exd5 24. Bxb5 axb5 25. Nd6+ Bxd6 26. Rxc8+ Qxc8 27. exd6+ Qe6 28. Qxb5+ Qd7 29. Qxd5 Rh6 30. a4 Re6 31. Qxh5 Qxa4 32. Qh8+ Kd7 33. Qxg7 Qd1+ 34. Kh2 Qh5 35. Qc3 Rxd6 36. Bxd6 Qxh4+ 37. Qh3+ Qxh3+ 38. gxh3 1-0

[Event "Czech Rep CZE"]
[Site "?"]
[Date "2002.12.01"]
[Round "4"]
[White "Gross Dav CZE"]
[Black "Tibensky Robert"]
[Result "1/2-1/2"]
[WhiteElo "2462"]
[BlackElo "2446"]
[PlyCount "29"]
[EventDate "2002.??.??"]
[Source "www.chesslib.no"]
[SourceDate "2004.05.04"]

1. e4 e6 2. d4 d5 3. e5 c5 4. dxc5 Nc6 5. Nf3 Bxc5 6. Bd3 Nge7 7. O-O Ng6 8. Qe2 O-O 9. c3 h6 10. Re1 Bb6 11. Qc2 Nh4 12. Nbd2 Bd7 13. Nxh4 Qxh4 14. Nf3 Qh5 15. Be3 1/2-1/2

[Event "Bohemians"]
[Site "Prague CZE"]
[Date "1981.??.??"]
[Round "?"]
[White "Barlov, Dragan"]
[Black "Ambroz, Jan"]
[Result "0-1"]
[WhiteElo "2405"]
[BlackElo "2490"]
[PlyCount "68"]
[EventDate "1981.01.??"]
[Source "www.chesslib.no"]
[SourceDate "2004.05.04"]

1. e4 e6 2. d4 d5 3. e5 c5 4. dxc5 Nc6 5. Nf3 Bxc5 6. Bd3 f6 7. exf6 Nxf6 8. O-O O-O 9. c4 dxc4 10. Bxc4 Qxd1 11. Rxd1 Ng4 12. Rf1 Nd4 13. Nbd2 b5 14. Bd3 Bb7 15. Be4 Ne2+ 16. Kh1 Bd5 17. Bxd5 exd5 18. g3 Nxf2+ 19. Kg2 Ng4 20. Nb3 Nxc1 21. Rfxc1 Bb6 22. Kh3 h5 23. Nbd2 Ba5 24. Kh4 g6 25. Rc5 Nf2 26. Rxd5 Rad8 27. Rg5 Bxd2 28. Nxd2 Rxd2 29. Rxg6+ Kh7 30. Kxh5 Rf5+ 31. Rg5 Rf6 32. Rxb5 Rd7 33. g4 Rh6+ 34. Kg5 Rf7 0-1

[Event "1. GMB"]
[Site "?"]
[Date "1998.12.20"]
[Round "6"]
[White "Crouch Colin S"]
[Black "Arkell Keith C"]
[Result "1-0"]
[WhiteElo "2410"]
[BlackElo "2475"]
[PlyCount "80"]
[EventDate "1998.??.??"]
[Source "www.chesslib.no"]
[SourceDate "2004.05.04"]

1. d4 e6 2. e4 d5 3. e5 c5 4. dxc5 Nc6 5. Nf3 Bxc5 6. a3 Qb6 7. Qe2 a5 8. Nc3 a4 9. g3 Bd7 10. h4 Nge7 11. h5 h6 12. Rh4 Nd4 13. Nxd4 Bxd4 14. Nb5 Nf5 15. Rf4 Bc5 16. g4 Nd4 17. Nxd4 Bxd4 18. c3 Bc5 19. Qf3 Rf8 20. Bd3 O-O-O 21. Rxf7 Rxf7 22. Qxf7 Rf8 23. Qxg7 Rxf2 24. Qxh6 Bb5 25. Qg6 Qa6 26. Bg5 Qb6 27. h6 Kb8 28. h7 Rh2 29. Qg8+ Ka7 30. h8=Q Bf2+ 31. Kd1 Rxh8 32. Qxh8 Bxd3 33. Kd2 Be4 34. Ke2 Qxb2+ 35. Bd2 Bf3+ 36. Kxf2 Qxd2+ 37. Kxf3 Qxc3+ 38. Kf4 Qd4+ 39. Kg5 Qxa1 40. Kf6 d4 1-0

[Event "Tirnavia-A"]
[Site "Trnava SVK"]
[Date "1979.??.??"]
[Round "1"]
[White "Banas, Jan"]
[Black "Vilela, Jose Luis"]
[Result "0-1"]
[WhiteElo "2395"]
[BlackElo "2460"]
[PlyCount "32"]
[EventDate "1979.03.??"]
[Source "www.chesslib.no"]
[SourceDate "2004.05.04"]

1. e4 e6 2. d4 d5 3. e5 c5 4. dxc5 Bxc5 5. Qg4 Ne7 6. b4 h5 7. Qxg7 Rg8 8. Qh7 Bxb4+ 9. c3 Qc7 10. Bb5+ Bd7 11. Bxd7+ Nxd7 12. Ne2 Bc5 13. O-O Qxe5 14. Be3 Bxe3 15. fxe3 Qxe3+ 16. Rf2 Nf6 0-1

[Event "Smederevska Palanka"]
[Site "Smederevska Palanka"]
[Date "1984.??.??"]
[Round "?"]
[White "Barlov, Dragan"]
[Black "Cabrilo, Goran"]
[Result "1/2-1/2"]
[WhiteElo "2410"]
[BlackElo "2430"]
[PlyCount "37"]
[EventDate "1984.05.??"]
[Source "ChessBase"]

1. e4 e6 2. d4 d5 3. e5 c5 4. dxc5 Nc6 5. Nf3 Bxc5 6. Bd3 Nge7 7. Bf4 Qb6 8. O-O Ng6 9. Bg3 Qxb2 10. Nbd2 Ngxe5 11. Nxe5 Nxe5 12. Rb1 Qc3 13. Rb3 Qd4 14. Bb5+ Nc6 15. Rd3 Qb4 16. Rb3 Qd4 17. Rd3 Qb4 18. Rb3 Qd4 19. Rd3 1/2-1/2

[Event "Stary Smokovec"]
[Site "Stary Smokovec"]
[Date "1972.??.??"]
[Round "10"]
[White "Szabo, Janos"]
[Black "Fichtl, Jiri"]
[Result "0-1"]
[WhiteElo "2450"]
[BlackElo "2385"]
[PlyCount "70"]
[EventDate "1972.??.??"]
[Source "ChessBase"]

1. e4 e6 2. d4 d5 3. e5 c5 4. dxc5 Bxc5 5. Qg4 Ne7 6. Qxg7 Ng6 7. Qf6 Be7 8. Qf3 Nc6 9. Nc3 Ncxe5 10. Qh5 d4 11. Ne4 Qd5 12. Qe2 Bd7 13. f4 f5 14. Nf2 Nf7 15. Qc4 Qd6 16. Nf3 Bf6 17. Nd3 Rc8 18. Qb3 Bc6 19. Be2 a6 20. Qb6 Bxf3 21. Qxd6 Nxd6 22. Bxf3 Rxc2 23. Kd1 Rc7 24. Re1 Kd7 25. g3 Rhc8 26. Bd2 b6 27. Rc1 a5 28. Rxc7+ Rxc7 29. Bc1 Nb7 30. Bd2 Nc5 31. Ke2 Nxd3 32. Kxd3 e5 33. fxe5 Nxe5+ 34. Ke2 d3+ 35. Kf2 Rc2 0-1

[Event "Osijek"]
[Site "?"]
[Date "1978.04.14"]
[Round "7"]
[White "Kosanski Stanko"]
[Black "Marovic Drazen"]
[Result "1-0"]
[WhiteElo "2360"]
[BlackElo "2455"]
[PlyCount "75"]
[EventDate "1978.??.??"]
[Source "www.chesslib.no"]
[SourceDate "2004.05.04"]

1. e4 e6 2. d4 d5 3. e5 c5 4. dxc5 Nc6 5. Bf4 Bxc5 6. c3 f6 7. Nf3 fxe5 8. Nxe5 Nf6 9. Nd3 Bb6 10. Nd2 O-O 11. Qe2 e5 12. Bg3 e4 13. Nf4 d4 14. Qc4+ Kh8 15. O-O-O Re8 16. Bh4 Bf5 17. Nh5 Ne5 18. Qa4 Rc8 19. Nxf6 gxf6 20. Bc4 Bd7 21. Qb4 Ng6 22. Bg3 a5 23. Qb3 a4 24. Qb4 e3 25. Nf3 e2 26. Bxe2 Rxe2 27. Nxd4 Re4 28. f3 Rxd4 29. Rxd4 Bxd4 30. Qxd4 Bc6 31. Qb4 Qd3 32. Re1 Rd8 33. c4 Ne5 34. b3 axb3 35. axb3 Ra8 36. Bxe5 fxe5 37. Rd1 Ra1+ 38. Kb2 1-0

[Event "London ENG"]
[Site "?"]
[Date "1999.06.19"]
[Round "?"]
[White "Crouch Colin S"]
[Black "Williams Simon Kim"]
[Result "0-1"]
[WhiteElo "2430"]
[BlackElo "2371"]
[PlyCount "64"]
[EventDate "1999.??.??"]
[Source "www.chesslib.no"]
[SourceDate "2004.05.04"]

1. d4 e6 2. e4 d5 3. e5 c5 4. dxc5 Nc6 5. Nf3 Bxc5 6. a3 Qb6 7. Qe2 a5 8. Nc3 a4 9. g3 Nge7 10. h4 O-O 11. Nd1 Bd7 12. h5 f6 13. h6 g6 14. exf6 Rxf6 15. Bg5 Rxf3 16. Qxf3 Rf8 17. Qg2 Nd4 18. f4 e5 19. c3 Nb3 20. Bxe7 Bxe7 21. Rb1 exf4 22. gxf4 Qe6+ 23. Be2 Rxf4 24. Nf2 Bb5 25. Nh3 Re4 26. Ng1 Bc5 27. Kd1 Qf5 28. Bxb5 Rd4+ 29. cxd4 Qxb1+ 30. Ke2 Nxd4+ 31. Kf2 Nf5+ 32. Kf3 Qe4# 0-1

[Event "Miedzybrodzie Open"]
[Site "Miedzybrodzie"]
[Date "1991.??.??"]
[Round "2"]
[White "Gizynski, Tomasz"]
[Black "Budnikov, Alexandar"]
[Result "0-1"]
[WhiteElo "2335"]
[BlackElo "2440"]
[PlyCount "67"]
[EventDate "1991.??.??"]
[Source "www.chesslib.no"]
[SourceDate "2004.05.04"]

1. e4 e6 2. d4 d5 3. e5 c5 4. dxc5 Ne7 5. Bf4 Nec6 6. Nf3 Bxc5 7. Bd3 Qb6 8. O-O Qxb2 9. Nbd2 Qb4 10. c4 Be7 11. Qc2 Qa5 12. a3 h6 13. Rfb1 Qd8 14. cxd5 exd5 15. Bf5 O-O 16. Qd3 Na6 17. Nb3 Nc5 18. Nxc5 Bxc5 19. Bxc8 Qxc8 20. Qxd5 b6 21. Qe4 Re8 22. Re1 Qe6 23. Rac1 Rac8 24. a4 Qa2 25. Rc2 Qa3 26. Bc1 Qb3 27. Rb2 Qe6 28. Bf4 Rcd8 29. Bg3 Nd4 30. Bh4 Nxf3+ 31. Qxf3 Rd4 32. Bg3 Rxa4 33. Qb7 Rd8 34. h3 0-1

[Event "Warsaw"]
[Site "Warsaw POL"]
[Date "1988.??.??"]
[Round "4"]
[White "Maciejewski, Andrzej"]
[Black "Sobura, Henryk"]
[Result "1/2-1/2"]
[WhiteElo "2410"]
[BlackElo "2365"]
[PlyCount "41"]
[EventDate "1988.??.??"]
[Source "www.chesslib.no"]
[SourceDate "2004.05.04"]

1. e4 e6 2. d4 d5 3. e5 c5 4. dxc5 Nc6 5. Nf3 Bxc5 6. Bd3 f6 7. Qe2 fxe5 8. Nxe5 Nf6 9. O-O O-O 10. Nxc6 bxc6 11. Bf4 Re8 12. Be5 Nd7 13. Nd2 Nxe5 14. Qxe5 Bd6 15. Qh5 g6 16. Bxg6 hxg6 17. Qxg6+ Kf8 18. Qh6+ Kg8 19. Qg6+ Kf8 20. Qh6+ Kf7 21. Qh7+ 1/2-1/2

[Event "otb"]
[Site "otb"]
[Date "2007.05.08"]
[Round "6"]
[White "Moiseenko Vladimir"]
[Black "Vitinik Mikhail"]
[Result "1/2-1/2"]
[WhiteElo "2404"]
[BlackElo "2363"]
[PlyCount "49"]
[Source "www.chesslib.no"]
[SourceDate "2004.05.04"]

1. e4 e6 2. d4 d5 3. e5 c5 4. dxc5 Nc6 5. Nf3 Bxc5 6. Bd3 f6 7. Qe2 fxe5 8. Nxe5 Nxe5 9. Qxe5 Qf6 10. Bf4 Qxe5+ 11. Bxe5 Nf6 12. O-O O-O 13. Nd2 Nd7 14. Bg3 e5 15. Nb3 Bb6 16. Bb5 e4 17. c4 dxc4 18. Bxc4+ Kh8 19. a4 a5 20. Rad1 Nf6 21. Rd6 Bc7 22. Rd4 Bb6 23. Rd6 Bc7 24. Rd2 Bb6 25. Rd6 1/2-1/2

[Event "2nd League TCh-SCG"]
[Site "Belgrade"]
[Date "2003.09.28"]
[Round "2"]
[White "Cobic, Vladimir"]
[Black "Jovic, Aleksandar"]
[Result "1-0"]
[WhiteElo "2378"]
[BlackElo "2386"]
[PlyCount "63"]
[EventDate "2003.09.27"]
[Source "Roberto Alvarez"]
[SourceDate "2003.10.13"]

1. e4 e6 2. d4 d5 3. e5 c5 4. dxc5 Bxc5 5. Nf3 Qb6 6. Qe2 Ne7 7. a3 a5 8. h4 Nbc6 9. Nc3 a4 10. h5 Nf5 11. Nb5 O-O 12. h6 g6 13. g4 Nfd4 14. Nbxd4 Bxd4 15. c3 Bc5 16. Bg5 Be7 17. Bxe7 Nxe7 18. Nd4 f6 19. O-O-O Qc7 20. f4 fxe5 21. Nb5 Qc5 22. Qxe5 Rf7 23. Nd4 Nc6 24. Nxc6 bxc6 25. Bd3 Qe7 26. Rde1 Bd7 27. g5 Raf8 28. Rh4 Bc8 29. Reh1 Rf5 30. Qg7+ Qxg7 31. hxg7 R8f7 32. Rxh7 1-0

[Event "It (Open) Zagreb CRO"]
[Site "?"]
[Date "2006.01.17"]
[Round "4"]
[White "Budimir Boris"]
[Black "Zaja Ivan"]
[Result "0-1"]
[WhiteElo "2288"]
[BlackElo "2466"]
[PlyCount "76"]
[EventDate "2006.??.??"]
[Source "www.chesslib.no"]
[SourceDate "2004.05.04"]

1. e4 e6 2. d4 d5 3. e5 c5 4. dxc5 Nc6 5. Nf3 Bxc5 6. Bd3 f6 7. Qe2 Qc7 8. Bf4 g5 9. Bg3 g4 10. Nfd2 Nxe5 11. O-O Ne7 12. Bxe5 fxe5 13. Qxg4 e4 14. Bb5+ Kf8 15. Nc3 Nf5 16. Ndxe4 dxe4 17. Nxe4 a6 18. Ba4 Rg8 19. Qf3 Be7 20. Ng3 Kg7 21. c4 Rf8 22. Nh5+ Kh6 23. Nf4 Nh4 24. Qh5+ Kg7 25. Nh3 Ng6 26. Rae1 e5 27. Bc2 Bxh3 28. Qxh3 Qxc4 29. Bb3 Qf4 30. g3 Qf6 31. Qg2 Rad8 32. Qxb7 Rd2 33. f4 exf4 34. Rxf4 Qd6 35. Rfe4 Qc5+ 36. Kh1 Kh6 37. Qxa6 Rff2 38. R4e2 Rdxe2 0-1

[Event "Bucharest Spring"]
[Site "Bucharest"]
[Date "2001.04.15"]
[Round "10"]
[White "Gavela, Dragan"]
[Black "Kalezic, Blazo"]
[Result "0-1"]
[WhiteElo "2294"]
[BlackElo "2443"]
[PlyCount "52"]
[EventDate "2001.04.06"]
[Source "ChessBase"]
[SourceDate "2001.07.03"]

1. e4 e6 2. d4 d5 3. e5 c5 4. dxc5 Bxc5 5. Qg4 g6 6. Nf3 Nc6 7. a3 Qc7 8. Bf4 Qb6 9. b4 Bxf2+ 10. Kd1 Be3 11. Bd3 Nh6 12. Qg5 Bxf4 13. Qxf4 Nf5 14. Re1 h6 15. h4 h5 16. Nc3 a6 17. Rb1 Nce7 18. Ng5 Bd7 19. b5 a5 20. Na4 Qd8 21. Bxf5 Nxf5 22. Re3 Rc8 23. Rc3 Rxc3 24. Nxc3 O-O 25. Kd2 Qc7 26. Nd1 Rc8 0-1

[Event "Hastings Open 9495"]
[Site "Hastings ENG"]
[Date "1994.??.??"]
[Round "?"]
[White "Crouch, Colin S"]
[Black "Thompson, Ian D"]
[Result "1-0"]
[WhiteElo "2410"]
[BlackElo "2325"]
[PlyCount "43"]
[EventDate "1994.12.??"]
[Source "www.chesslib.no"]
[SourceDate "2004.05.04"]

1. d4 e6 2. e4 d5 3. e5 c5 4. dxc5 Nc6 5. Nf3 Bxc5 6. a3 a5 7. Nc3 Nge7 8. Bd3 Ng6 9. Qe2 O-O 10. h4 f6 11. Bxg6 hxg6 12. h5 Nxe5 13. Nxe5 fxe5 14. hxg6 Rf5 15. g4 Rxf2 16. Qxe5 Qf6 17. Qh5 Kf8 18. Ne4 Qf3 19. Qh8+ Ke7 20. Qxg7+ Ke8 21. Rh8+ Bf8 22. Nd6+ 1-0

[Event "Isle of Man Open"]
[Site "Isle of Man IOM"]
[Date "1994.??.??"]
[Round "4"]
[White "Crouch, Colin S"]
[Black "Quillan, Gary"]
[Result "1-0"]
[WhiteElo "2410"]
[BlackElo "2325"]
[PlyCount "97"]
[EventDate "1994.09.??"]
[Source "www.chesslib.no"]
[SourceDate "2004.05.04"]

1. d4 e6 2. e4 d5 3. e5 c5 4. dxc5 Nc6 5. Nf3 Bxc5 6. a3 Qc7 7. b4 Bb6 8. Bb2 Nge7 9. Nbd2 O-O 10. b5 Na5 11. Bd3 Ng6 12. O-O Nc4 13. Nxc4 dxc4 14. Bxg6 hxg6 15. a4 Bc5 16. Ng5 b6 17. Qg4 Be7 18. Ba3 Bxg5 19. Bxf8 Qxe5 20. Rfe1 Qf5 21. Qxf5 gxf5 22. Bb4 Bb7 23. a5 Bf6 24. c3 Rb8 25. axb6 axb6 26. Bd6 Rd8 27. Be5 Bxe5 28. Rxe5 Rd2 29. h4 Rc2 30. Ree1 Rxc3 31. Rec1 Rxc1+ 32. Rxc1 Bd5 33. Kf1 Kf8 34. f3 Ke7 35. Ke2 Kd6 36. g4 Kc5 37. h5 fxg4 38. fxg4 f6 39. g5 fxg5 40. Rg1 Kxb5 41. Rxg5 Kb4 42. Rxg7 Be4 43. h6 b5 44. Kd2 Kb3 45. h7 Bxh7 46. Rxh7 b4 47. Rh4 c3+ 48. Kc1 Ka3 49. Kc2 1-0

[Event "Austria"]
[Site "?"]
[Date "2001.12.09"]
[Round "5.1"]
[White "Westermeier Arnulf"]
[Black "Hecht Hans Joachim"]
[Result "1/2-1/2"]
[WhiteElo "2293"]
[BlackElo "2428"]
[PlyCount "50"]
[EventDate "2001.??.??"]
[Source "www.chesslib.no"]
[SourceDate "2004.05.04"]

1. e4 e6 2. d4 d5 3. e5 c5 4. dxc5 Nc6 5. Nf3 Bxc5 6. Bd3 Nge7 7. O-O Ng6 8. Qe2 Bd7 9. c3 f6 10. Bxg6+ hxg6 11. Qd3 Nxe5 12. Nxe5 fxe5 13. Qxg6+ Kf8 14. Qg3 Rh5 15. Be3 Bd6 16. Nd2 Qe7 17. f4 Kg8 18. fxe5 Bxe5 19. Bf4 Bxf4 20. Qxf4 e5 21. Qe3 Bc6 22. Rae1 Qc7 23. h3 d4 24. Qe2 Rg5 25. Nf3 Bxf3 1/2-1/2

[Event "Premier League"]
[Site "Belgrade"]
[Date "2004.09.28"]
[Round "4"]
[White "Cobic, Vladimir"]
[Black "Skare, Goran"]
[Result "1/2-1/2"]
[WhiteElo "2383"]
[BlackElo "2320"]
[PlyCount "110"]
[EventDate "2004.09.25"]
[Source "Roberto Alvarez"]
[SourceDate "2004.10.05"]

1. e4 e6 2. d4 d5 3. e5 c5 4. dxc5 Nc6 5. Nf3 Bxc5 6. a3 a6 7. Bd3 Nge7 8. Qe2 Ng6 9. O-O Qc7 10. Re1 Nd4 11. Nxd4 Bxd4 12. Bxg6 hxg6 13. Nd2 Qxc2 14. Nf3 Qxe2 15. Rxe2 Bb6 16. Be3 Bd8 17. Rc1 Bd7 18. Bc5 Rc8 19. Rec2 f6 20. Bd6 Rxc2 21. Rxc2 Kf7 22. h4 Bb6 23. Rc3 Ba4 24. Bc5 Bc7 25. Bd4 Bc6 26. Re3 Rc8 27. g4 Bd7 28. g5 f5 29. Rc3 Bc6 30. Kg2 Ke7 31. Ng1 Ba5 32. b4 Bd8 33. Ne2 Kf7 34. Kg3 Ra8 35. Nf4 a5 36. h5 axb4 37. hxg6+ Ke8 38. axb4 Kd7 39. Rb3 Ba4 40. Ra3 b5 41. Nd3 Bxg5 42. Nc5+ Kc6 43. Nxe6 Bd2 44. Bc3 f4+ 45. Kg2 f3+ 46. Kg3 Bh6 47. Nd4+ Kb7 48. Nf5 Ra6 49. Nd6+ Kc6 50. Ra1 d4 51. Bxd4 Kd5 52. Bb2 Rc6 53. Rh1 Bc2 54. Rh4 Bxg6 55. Nxb5 Rb6 1/2-1/2

[Event "CZE Team Ch 9596"]
[Site "Czech Republic"]
[Date "1996.??.??"]
[Round "2"]
[White "Biolek, Richard"]
[Black "Netusil, Miroslav"]
[Result "1/2-1/2"]
[WhiteElo "2395"]
[BlackElo "2305"]
[PlyCount "46"]
[EventDate "1995.??.??"]
[Source "www.chesslib.no"]
[SourceDate "2004.05.04"]

1. e4 e6 2. d4 d5 3. e5 c5 4. dxc5 Nc6 5. Nf3 Bxc5 6. Bd3 f6 7. Qe2 fxe5 8. Nxe5 Nxe5 9. Qxe5 Nf6 10. Qe2 O-O 11. O-O Qc7 12. c4 e5 13. cxd5 Ng4 14. Bc4 Kh8 15. h3 Bxf2+ 16. Kh1 e4 17. hxg4 Qg3 18. Qe3 Rf3 19. Rxf2 Bxg4 20. gxf3 Bxf3+ 21. Rxf3 exf3 22. Bf1 Qh4+ 23. Kg1 Qg3+ 1/2-1/2

[Event "Bielsko Biala"]
[Site "Bielsko Biala"]
[Date "1988.??.??"]
[Round "2"]
[White "Gizynski, Tomasz"]
[Black "Meister, Peter"]
[Result "1/2-1/2"]
[WhiteElo "2325"]
[BlackElo "2375"]
[PlyCount "124"]
[EventDate "1988.??.??"]
[Source "www.chesslib.no"]
[SourceDate "2004.05.04"]

1. e4 e6 2. d4 d5 3. e5 c5 4. dxc5 Nc6 5. Nf3 Bxc5 6. Bd3 Nge7 7. Bf4 Ng6 8. Bg3 O-O 9. O-O f5 10. exf6 Qxf6 11. Bxg6 Qxg6 12. Nc3 a6 13. Ne2 Qf6 14. c3 Bd7 15. Nf4 Ba7 16. Nd3 Be8 17. Bd6 Bh5 18. Bxf8 Rxf8 19. Qe2 Bb8 20. Qe3 e5 21. Qg5 Qxg5 22. Nxg5 Be2 23. Rfd1 Bxd1 24. Rxd1 Ba7 25. b4 b6 26. a3 e4 27. Nb2 b5 28. Nh3 d4 29. cxd4 Bxd4 30. Rb1 Ne5 31. Nd1 Nd3 32. Kf1 g5 33. Ke2 Rc8 34. Ne3 Nf4+ 35. Kd2 Bc3+ 36. Kd1 Rd8+ 37. Kc2 Bf6 38. Ng4 Rc8+ 39. Kd1 Rd8+ 40. Kc2 Rc8+ 41. Kd1 Rd8+ 42. Kc2 Be7 43. Rd1 Rxd1 44. Kxd1 Nxg2 45. Nh6+ Kf8 46. Nf5 Bd8 47. Ke2 g4 48. Ng1 Bc7 49. Ng3 e3 50. fxe3 Nxe3 51. Kxe3 Bb6+ 52. Kf4 Bxg1 53. Nf1 Kf7 54. Kxg4 Ke6 55. h4 Bd4 56. Nd2 Bb2 57. Nb3 Kd5 58. Nc5 a5 59. Nd3 axb4 60. axb4 Bc3 61. Nf4+ Kd6 62. Ne2 Bxb4 1/2-1/2

[Event "Val Thorens"]
[Site "Val Thorens FRA"]
[Date "1989.??.??"]
[Round "11"]
[White "Ruf, Matthias"]
[Black "Nemirovski, Serge"]
[Result "1-0"]
[WhiteElo "2330"]
[BlackElo "2365"]
[PlyCount "85"]
[EventDate "1989.??.??"]
[Source "www.chesslib.no"]
[SourceDate "2004.05.04"]

1. e4 e6 2. d4 d5 3. e5 c5 4. dxc5 Nc6 5. Nf3 Bxc5 6. Bd3 Nge7 7. Bf4 Ng6 8. Bg3 Qc7 9. Qe2 Nb4 10. Bb5+ Bd7 11. O-O O-O 12. Bxd7 Qxd7 13. c3 Nc6 14. Nbd2 a5 15. Nb3 Be7 16. a4 Rfb8 17. Kh1 h6 18. Rfd1 Qe8 19. Nfd4 Nxd4 20. Nxd4 Bc5 21. Nb5 Ne7 22. Nc7 Qc8 23. Nxa8 Rxa8 24. f4 Nf5 25. Bf2 g6 26. Bd4 h5 27. Rac1 h4 28. Qb5 Be7 29. Bb6 Kg7 30. c4 d4 31. Bxd4 Qh8 32. c5 Qh5 33. Bf2 Rh8 34. Qd3 g5 35. fxg5 Bxg5 36. Rb1 Bf4 37. Qf3 Qg6 38. b4 Bg3 39. bxa5 h3 40. Bxg3 hxg2+ 41. Kg1 Rh3 42. Rd3 Nxg3 43. Qxg3 1-0

[Event "Chigorin mem"]
[Site "St Petersburg"]
[Date "1998.11.09"]
[Round "9"]
[White "Feoktistov, Alexey A"]
[Black "Baranov, Grigory"]
[Result "1-0"]
[WhiteElo "2405"]
[BlackElo "2290"]
[PlyCount "115"]
[EventDate "1998.10.31"]
[Source "ChessBase"]
[SourceDate "1999.01.01"]

1. e4 e6 2. d4 d5 3. e5 c5 4. dxc5 Nc6 5. Nf3 Bxc5 6. Bd3 Nge7 7. O-O Ng6 8. Re1 Qc7 9. Qe2 Nd4 10. Nxd4 Bxd4 11. Bxg6 hxg6 12. c3 Bc5 13. Nd2 Be7 14. Nf3 Rh5 15. Bf4 Bd7 16. a4 a5 17. Nd4 Rc8 18. Qd1 Qc4 19. Re3 Qa6 20. Rf3 f6 21. Rg3 Rh4 22. Be3 g5 23. Qb1 Re4 24. exf6 gxf6 25. Rh3 Kd8 26. Rh7 e5 27. Nb5 Bf5 28. Rh8+ Kd7 29. Rxc8 Kxc8 30. f3 Rxe3 31. Qxf5+ Kb8 32. Qd7 Qb6 33. Kf1 Qd8 34. Qxd8+ Bxd8 35. Rd1 d4 36. cxd4 e4 37. Re1 Rb3 38. fxe4 Rxb2 39. e5 fxe5 40. dxe5 Bb6 41. Re4 Bc5 42. e6 Rb4 43. Rxb4 axb4 44. Ke2 b6 45. Kd3 Kb7 46. Nd4 Kc7 47. Nf5 Bf2 48. Kc4 Be1 49. h3 Kd8 50. g3 Ke8 51. h4 g4 52. h5 Bc3 53. h6 Be5 54. Kxb4 Kd8 55. Kb5 Kc7 56. e7 Kd7 57. Kxb6 Bxg3 58. Nxg3 1-0

[Event "2nd League TCh-SCG"]
[Site "Belgrade"]
[Date "2003.09.30"]
[Round "4"]
[White "Milanovic, Vojislav"]
[Black "Jovic, Aleksandar"]
[Result "1/2-1/2"]
[WhiteElo "2300"]
[BlackElo "2386"]
[PlyCount "82"]
[EventDate "2003.09.27"]
[Source "Roberto Alvarez"]
[SourceDate "2003.10.13"]

1. e4 e6 2. d4 d5 3. e5 c5 4. dxc5 Bxc5 5. Bd3 Nc6 6. Nf3 Nge7 7. Bf4 Ng6 8. Bg3 O-O 9. O-O Nce7 10. Nc3 Bb4 11. Nb5 Nf5 12. Nbd4 Bc5 13. c3 Bxd4 14. Nxd4 Nxg3 15. hxg3 Nxe5 16. Bxh7+ Kxh7 17. Qh5+ Kg8 18. Qxe5 f6 19. Qh5 Qb6 20. b3 Bd7 21. Rfe1 Rac8 22. Re3 Rfe8 23. g4 Qd6 24. g5 fxg5 25. Nf3 g4 26. Ng5 Qf4 27. Qh7+ Kf8 28. Qh8+ Ke7 29. Qxg7+ Kd6 30. Ne4+ Kc6 31. Nf6 Rcd8 32. Nxe8 Rxe8 33. Qe5 Qh6 34. c4 Rh8 35. cxd5+ exd5 36. Rc1+ Kb6 37. Qd4+ Ka6 38. Re6+ Bxe6 39. Qa4+ Kb6 40. Qb4+ Ka6 41. Qa4+ Kb6 1/2-1/2

[Event "Linz"]
[Site "Linz AUT"]
[Date "1995.??.??"]
[Round "6"]
[White "Rolletschek, Heinrich"]
[Black "Kargl, Kurt"]
[Result "1/2-1/2"]
[WhiteElo "2370"]
[BlackElo "2305"]
[PlyCount "40"]
[EventDate "1995.??.??"]
[Source "www.chesslib.no"]
[SourceDate "2004.05.04"]

1. e4 e6 2. d4 d5 3. e5 c5 4. dxc5 Nc6 5. Nf3 Bxc5 6. Bd3 Nge7 7. O-O Ng6 8. Re1 Qc7 9. Qe2 Nd4 10. Nxd4 Bxd4 11. Bxg6 hxg6 12. c3 Bb6 13. Nd2 Bd7 14. Nf3 Bc5 15. Be3 Be7 16. Bd4 a6 17. Qe3 Rc8 18. Nd2 g5 19. f3 f5 20. g3 Kf7 1/2-1/2

[Event "BCF Ch"]
[Site "Blackpool ENG"]
[Date "1971.??.??"]
[Round "11"]
[White "Littlewood, John E"]
[Black "Pritchett, Craig W"]
[Result "0-1"]
[WhiteElo "2310"]
[BlackElo "2360"]
[PlyCount "90"]
[EventDate "1971.08.??"]
[Source "www.chesslib.no"]
[SourceDate "2004.05.04"]

1. e4 e6 2. d4 d5 3. e5 c5 4. dxc5 Nc6 5. Nf3 Bxc5 6. Bd3 f6 7. exf6 Nxf6 8. O-O O-O 9. Qe2 Qd6 10. c4 Bd7 11. Nc3 Rae8 12. Bg5 Ng4 13. Nb5 Qb8 14. g3 Nge5 15. Bf4 Rxf4 16. Nxe5 Nxe5 17. gxf4 Nxd3 18. Qxd3 Qxf4 19. Qg3 Qxg3+ 20. hxg3 dxc4 21. Nc3 Bc6 22. Rae1 e5 23. Ne4 Bd4 24. Re2 b5 25. Nd6 Re6 26. Nf5 Bb6 27. Rfe1 g6 28. Nh6+ Kg7 29. Ng4 e4 30. Rd1 b4 31. Rc2 h5 32. Ne3 Ba4 33. b3 cxb3 34. axb3 Bxb3 35. Rd7+ Kh6 36. Rb2 Ba4 37. Rdd2 b3 38. Nc4 e3 39. fxe3 Bxe3+ 40. Nxe3 Rxe3 41. Kf2 Rc3 42. Rb1 Bc6 43. Rdb2 Bd5 44. Ra1 Be4 45. Rxa7 Rf3+ 0-1

[Event "GEO-ch U20"]
[Site "?"]
[Date "2000.??.??"]
[Round "?"]
[White "Chikovani Vakhtang"]
[Black "Shengelia Davit"]
[Result "0-1"]
[WhiteElo "2267"]
[BlackElo "2387"]
[PlyCount "58"]
[EventDate "2000.??.??"]
[Source "www.chesslib.no"]
[SourceDate "2004.05.04"]

1. e4 e6 2. d4 d5 3. e5 c5 4. dxc5 Bxc5 5. Qg4 g6 6. Nf3 Qb6 7. Qg3 Bd7 8. Bd3 Bb5 9. O-O Nd7 10. Bxb5 Qxb5 11. a4 Qc6 12. Qf4 Qc7 13. b4 Bf8 14. Na3 a6 15. c4 Bg7 16. cxd5 Nxe5 17. dxe6 Nxf3+ 18. Qxf3 Bxa1 19. Bf4 Qc6 20. Qd1 Bf6 21. b5 axb5 22. Nxb5 Rd8 23. Qb3 fxe6 24. Rc1 Qe4 25. Bc7 Rd7 26. Nd6+ Rxd6 27. Bxd6 Ne7 28. Kf1 Kf7 29. Rc4 Qd5 0-1

[Event "Cappelle Open"]
[Site "Cappelle la Grande FRA"]
[Date "1993.??.??"]
[Round "6"]
[White "Picarda, Laurent"]
[Black "Lupu, Mircea-Sergiu"]
[Result "0-1"]
[WhiteElo "2215"]
[BlackElo "2435"]
[PlyCount "42"]
[EventDate "1993.02.??"]
[Source "www.chesslib.no"]
[SourceDate "2004.05.04"]

1. e4 e6 2. d4 d5 3. e5 c5 4. dxc5 Bxc5 5. Bd3 Ne7 6. Nf3 Nbc6 7. O-O Ng6 8. Qe2 Bd7 9. Nc3 a6 10. Bg5 Qc7 11. Rfe1 Nd4 12. Nxd4 Bxd4 13. Bxg6 hxg6 14. Nd1 Bb5 15. Qd2 Bxe5 16. h3 O-O 17. Ne3 Bxb2 18. c4 Bxa1 19. Rxa1 dxc4 20. a4 Qe5 21. Nc2 c3 0-1